Informe de la comisión de evaluación de los laboratorios de diagnóstico veterinario en las américas
Uloženo v:
| Hlavní autor: | |
|---|---|
| Médium: | Kniha |
| Jazyk: | španělština |
| Vydáno: |
San José
IICA
1982
|
| Edice: | Salud animal, publicación científica, 2
|
| Témata: | |
| Tagy: |
Přidat tag
Žádné tagy, Buďte první, kdo vytvoří štítek k tomuto záznamu!
|
MARC
| LEADER | 00000nam a2200000 a 4500 | ||
|---|---|---|---|
| 001 | UCR9103 | ||
| 003 | CL-VaPUC | ||
| 008 | 980613e19820000CR |||||||||||||||||spa|d | ||
| 082 | 0 | 4 | |a 636.2 |b ARE |2 21 |
| 100 | 0 | |a Arellano, Carlos |e author |9 411302 | |
| 245 | 1 | 0 | |a Informe de la comisión de evaluación de los laboratorios de diagnóstico veterinario en las américas |
| 300 | |a 88 p | ||
| 942 | |c BK | ||
| 945 | |d 19980613 00:00:00 |a aalvarez | ||
| 260 | |a San José |b IICA |c 1982 | ||
| 650 | 0 | |a Veterinaria |9 341740 | |
| 650 | 7 | |a LABORATORIOS |2 CL-VaPUC |9 264068 | |
| 650 | 0 | |a Ganadería |9 264177 | |
| 650 | 7 | |a SALUD ANIMAL |2 CL-VaPUC |9 411303 | |
| 650 | 7 | |a INVESTIGACIONES |2 CL-VaPUC |9 261211 | |
| 650 | 7 | |a ENFERMEDADES DE LOS ANIMALES |2 CL-VaPUC |9 411304 | |
| 650 | 7 | |a SANIDAD ANIMAL |2 CL-VaPUC |9 395537 | |
| 650 | 0 | |a Bacteriología |9 259330 | |
| 583 | |a last modification |c 19980613 00:00:00 |k Rodrigo Vera | ||
| 490 | 0 | |a Salud animal, publicación científica, 2 | |
| 999 | |c 270338 |d 270336 | ||